000
00292cam a22000977a 4500
008
180718b xxu||||| |||| 00| 0 eng d
082
_a
L24303x54 A
245
_a
The income- tax act, 1961
_c
by Ministry of Law, India
260
_a
Delhi
_b
Government of India Press
_c
700
_a
India. Ministry of Law
999
_c
500579
_d
500579